Standard Handbook of Powerplant Engineering / (Record no. 16425)
[ view plain ]
| 000 -LEADER | |
|---|---|
| fixed length control field | 01383cam a2200301 a 4500 |
| 001 - CONTROL NUMBER | |
| control field | 1181209 |
| 005 - DATE AND TIME OF LATEST TRANSACTION | |
| control field | 20040707140204.0 |
| 008 - FIXED-LENGTH DATA ELEMENTS--GENERAL INFORMATION | |
| fixed length control field | 970616s1998 nyuab |db 001 0 eng |
| 020 ## - INTERNATIONAL STANDARD BOOK NUMBER | |
| International Standard Book Number | 0070194351 (alk. paper) |
| 040 ## - CATALOGING SOURCE | |
| Original cataloging agency | DLC |
| Transcribing agency | DLC |
| Modifying agency | DLC |
| 082 00 - DEWEY DECIMAL CLASSIFICATION NUMBER | |
| Classification number | 621.3121 |
| Edition number | 21 |
| Item number | STA |
| 245 00 - TITLE STATEMENT | |
| Title | Standard Handbook of Powerplant Engineering / |
| Statement of responsibility, etc | [edited by] Thomas C. Elliott, Kao Chen, Robert C. Swanekamp. |
| 250 ## - EDITION STATEMENT | |
| Edition statement | 2nd ed. |
| 260 ## - PUBLICATION, DISTRIBUTION, ETC. (IMPRINT) | |
| Place of publication, distribution, etc | New York : |
| Name of publisher, distributor, etc | McGraw Hill, |
| Date of publication, distribution, etc | c1998. |
| 300 ## - PHYSICAL DESCRIPTION | |
| Extent | 1 v. (various pagings) : |
| Other physical details | ill., maps ; |
| Dimensions | 24 cm. |
| 504 ## - BIBLIOGRAPHY, ETC. NOTE | |
| Bibliography, etc | Includes bibliographical references and index. |
| 650 #0 - SUBJECT ADDED ENTRY--TOPICAL TERM | |
| Topical term or geographic name as entry element | Electric power-plants. |
| 9 (RLIN) | 28741 |
| 653 ## - INDEX TERM--UNCONTROLLED | |
| Resource For college | |
| -- | |
| Arrived date list | February2012 |
| 700 1# - ADDED ENTRY--PERSONAL NAME | |
| Personal name | Elliott, Thomas C. |
| 9 (RLIN) | 28742 |
| 700 1# - ADDED ENTRY--PERSONAL NAME | |
| Personal name | Chen, Kao, |
| Dates associated with a name | 1919- |
| 9 (RLIN) | 28743 |
| 700 1# - ADDED ENTRY--PERSONAL NAME | |
| Personal name | Swanekamp, Robert C. |
| 9 (RLIN) | 28744 |
| 856 42 - ELECTRONIC LOCATION AND ACCESS | |
| Materials specified | Contributor biographical information |
| Uniform Resource Identifier | <a href="http://www.loc.gov/catdir/bios/mh041/97026055.html">http://www.loc.gov/catdir/bios/mh041/97026055.html</a> |
| 856 42 - ELECTRONIC LOCATION AND ACCESS | |
| Materials specified | Publisher description |
| Uniform Resource Identifier | <a href="http://www.loc.gov/catdir/description/mh023/97026055.html">http://www.loc.gov/catdir/description/mh023/97026055.html</a> |
| 856 41 - ELECTRONIC LOCATION AND ACCESS | |
| Materials specified | Table of contents |
| Uniform Resource Identifier | <a href="http://www.loc.gov/catdir/toc/mh022/97026055.html">http://www.loc.gov/catdir/toc/mh022/97026055.html</a> |
| 942 ## - ADDED ENTRY ELEMENTS (KOHA) | |
| Source of classification or shelving scheme | Dewey Decimal Classification |
| Item type | Book - Borrowing |
| Withdrawn status | Item status | Source of classification or shelving scheme | Damaged status | Not for loan | Vendor | Home library | Current library | Shelving location | Date acquired | Source of acquisition | Cost, normal purchase price | Serial Enumeration / chronology | Total Checkouts | Total Renewals | Full call number | Barcode | Date last seen | Date last borrowed | Koha item type |
|---|---|---|---|---|---|---|---|---|---|---|---|---|---|---|---|---|---|---|---|
| Dewey Decimal Classification | MERIC | Central Library | Central Library | First floor | 09/02/2012 | 1003.00 | 13167 | 2 | 7 | 621.3121 STA | 000026036 | 15/07/2025 | 31/03/2018 | Book - Borrowing |